[Event "Let's Play Chess!"]
[Site "http://www.queenalice.com/game.php?id=171133"]
[Date "2007.2.19"]
[Round "-"]
[White "TATUMUS"]
[Black "colognestar"]
[Result "0-1"]
[WhiteElo "1100"]
[BlackElo "2070"]

1. e4 c6 2. d4 d5 3. e5 Bf5 4. Bd2 e6 5. a3 Qb6 6. Bc3 Nd7 7. Nf3 c5 8. h3 Ne7
9. Nbd2 Nc6 10. Nb3 a5 11. dxc5 Nxc5 12. Nfd4 Nxb3 13. cxb3 Bc5 14. Bb5 O-O 15.
Nxf5 Bxf2+ 16. Kd2 exf5 17. a4 d4 18. Bxc6 dxc3+ 19. bxc3 Rad8+ 20. Kc2 Rxd1 21.
Raxd1 Qxc6 22. Kb2 Qxg2 23. Rb1 Bd4+ 24. Ka3 Bc5+ 25. b4 axb4+ 26. Kb3 bxc3 27.
Rhc1 Bd4 28. Rc2 Qd5+ 29. Ka3 Bc5+ 30. Rb4 Qc4 31. Rb2 cxb2 0-1

[Event "Let's Play Chess!"]
[Site "http://www.queenalice.com/game.php?id=171362"]
[Date "2007.2.20"]
[Round "-"]
[White "TATUMUS"]
[Black "miki00"]
[Result "1-0"]
[WhiteElo "1120"]
[BlackElo "1395"]

1. e4 e5 2. d4 exd4 3. Qxd4 Nc6 4. Qe3 Nf6 5. a3 Ng4 6. Qd2 d6 7. h3 Nf6 8. Qe3
g6 9. Nf3 Bg7 10. Bc4 O-O 11. Nc3 Be6 12. Bd3 Ne5 13. Ng5 Bh6 14. h4 Nxd3+ 15.
cxd3 Ng4 16. Qe2 Bxg5 17. Bxg5 f6 18. Bd2 Re8 19. O-O 1-0

[Event "Challenge"]
[Site "http://www.queenalice.com/game.php?id=171526"]
[Date "2007.2.20"]
[Round "-"]
[White "TATUMUS"]
[Black "stuntlinguist"]
[Result "0-1"]
[WhiteElo "1100"]
[BlackElo "1233"]

1. e4 c5 2. d4 cxd4 3. Qxd4 Nc6 4. Qe3 g6 5. Qc3 Nf6 6. Bd3 Bg7 7. Qb3 O-O 8.
Bg5 Qa5+ 9. c3 Qxg5 10. g3 Ne5 11. f4 Nxd3+ 12. Kd2 Nxe4+ 13. Ke3 Qc5+ 14. Kxd3
Nf2+ 15. Kc2 Nxh1 16. Na3 Qf2+ 17. Kd3 d5 18. Ne2 Bf5+ 19. Kd2 Bg4 20. Re1 Qxh2
21. Nc2 Nxg3 22. Nd4 Bxd4 0-1

[Event "AUTO-BEG-82"]
[Site "http://www.queenalice.com/game.php?id=180634"]
[Date "2007.3.12"]
[Round "1"]
[White "schachmattorwieorwatt"]
[Black "TATUMUS"]
[Result "0-1"]
[WhiteElo "1235"]
[BlackElo "1452"]

1. e4 e5 2. Nf3 Nc6 3. Bc4 h6 4. c3 Nf6 5. d3 Bc5 6. b4 Bb6 7. Nbd2 Ng4 8. O-O
d6 9. d4 exd4 10. cxd4 Nxb4 11. Bb3 Qf6 12. Bb2 Nd3 13. Bc3 Bd7 14. Nc4 Qf4 15.
g3 Qxe4 16. Ncd2 Qc6 17. Qc2 Bf5 18. Qd1 Qxc3 19. Ba4+ c6 20. d5 O-O 21. dxc6
bxc6 22. Nb3 Bxf2+ 23. Kg2 Ne3+ 24. Kh1 Nxd1 25. Raxd1 Nb2 26. Rxd6 Qxf3# 0-1

[Event "AUTO-BEG-82"]
[Site "http://www.queenalice.com/game.php?id=180635"]
[Date "2007.3.12"]
[Round "1"]
[White "TATUMUS"]
[Black "schachmattorwieorwatt"]
[Result "1-0"]
[WhiteElo "1465"]
[BlackElo "1220"]

1. e4 d5 2. e5 Nc6 3. d4 f6 4. Nf3 Bg4 5. Be2 fxe5 6. Nxe5 Bxe2 7. Kxe2 Nxe5 8.
dxe5 c6 9. Re1 e6 10. Kf1 Qh4 11. Kg1 Bc5 12. Be3 Bb4 13. c3 O-O-O 14. cxb4 Qxb4
15. b3 b6 16. Qe2 d4 17. Bg5 Rf8 18. Bd2 Qc5 19. Qg4 Qe7 20. Qxd4 Rd8 21. Qc3 c5
22. Na3 Rf8 23. Qc4 Qf7 24. Be3 Ne7 25. Qa6+ Kb8 26. Nb5 Nd5 27. Nd6 Qc7 28.
Rac1 Nxe3 29. Rxe3 Rd8 30. Rd3 Qc6 31. Rc4 Kc7 32. Qxa7+ Qb7 33. Qxb7# 1-0

[Event "AUTO-BEG-82"]
[Site "http://www.queenalice.com/game.php?id=180646"]
[Date "2007.3.12"]
[Round "1"]
[White "aguiadourada"]
[Black "TATUMUS"]
[Result "0-1"]
[WhiteElo "1047"]
[BlackElo "1446"]

1. d4 d5 2. Nf3 h6 3. h4 Nf6 4. Ne5 Be6 5. Nc3 Qd6 6. f4 g6 7. Nxg6 fxg6 8. Nb5
Qb4+ 9. Qd2 Qxb5 10. Rh3 Bxh3 11. gxh3 Ne4 12. Qe3 e6 13. a4 Qa5+ 14. c3 Nc6 15.
Kd1 O-O-O 16. Ra3 Bxa3 17. bxa3 Qxa4+ 18. Ke1 Qa5 19. Bg2 Nxc3 20. Qxe6+ Kb8 21.
Qxg6 Rde8 22. Kf1 Nxe2 23. Bb2 Nxf4 24. Qf6 Qe1# 0-1

[Event "AUTO-BEG-82"]
[Site "http://www.queenalice.com/game.php?id=180647"]
[Date "2007.3.12"]
[Round "1"]
[White "TATUMUS"]
[Black "aguiadourada"]
[Result "1-0"]
[WhiteElo "1447"]
[BlackElo "1047"]

1. e4 Nc6 2. d4 d6 3. d5 Ne5 4. h3 g6 5. Nc3 h6 6. Be3 b6 7. f4 Nc4 8. Bxc4 a6
9. Qd4 Nf6 10. e5 dxe5 11. fxe5 e6 12. exf6 Qd6 13. O-O-O Qb4 14. dxe6 fxe6 15.
Qd8+ Kf7 16. Rd4 Kg8 17. Qxc7 b5 18. Bxe6+ Bxe6 19. Rxb4 Bxa2 20. Nxa2 Re8 21.
f7+ Kg7 22. fxe8+=Q+ Kg8 23. Qef7# 1-0

[Event "AUTO-BEG-82"]
[Site "http://www.queenalice.com/game.php?id=180654"]
[Date "2007.3.12"]
[Round "1"]
[White "TATUMUS"]
[Black "oleonearm"]
[Result "1-0"]
[WhiteElo "1399"]
[BlackElo "1384"]

1. e4 e5 2. d4 d6 3. d5 Nf6 4. f3 Be7 5. Nc3 O-O 6. Be3 c6 7. dxc6 bxc6 8. Qe2
d5 9. O-O-O Be6 10. Bg5 Nfd7 11. Bxe7 Qxe7 12. exd5 cxd5 13. a3 Nc6 14. Nb5 Qg5+
15. Kb1 d4 16. Qe4 Bf5 17. Qxc6 Nb6 18. Qc5 Nd7 19. Qd5 Nb6 20. Qc5 Bd7 21. h4
Qe3 22. Ne2 Be6 23. Rd3 Qf2 24. b3 Bf5 25. Rd1 Qe3 26. Ng3 Rac8 27. Qb4 Nd5 28.
Nxf5 Qf4 29. Ne7+ 1-0

[Event "AUTO-BEG-82"]
[Site "http://www.queenalice.com/game.php?id=180655"]
[Date "2007.3.12"]
[Round "1"]
[White "oleonearm"]
[Black "TATUMUS"]
[Result "0-1"]
[WhiteElo "1396"]
[BlackElo "1333"]

1. d4 d5 2. c4 dxc4 3. Nc3 c6 4. e3 b5 5. Nf3 e6 6. Be2 Bb4 7. O-O Nf6 8. Qc2 h6
9. Bd2 Bd6 10. e4 Bc7 11. e5 Nd5 12. Nxd5 cxd5 13. Bb4 Nc6 14. a3 a5 15. Bd6
Bxd6 16. exd6 Qxd6 17. Qd2 O-O 18. Bd1 Ba6 19. Bc2 b4 20. axb4 axb4 21. Ne5 c3
22. bxc3 Bxf1 23. Rxf1 Nxe5 24. dxe5 Qxe5 25. cxb4 Ra1 26. Qd3 Rxf1+ 27. Qxf1
Ra8 28. g3 Ra1 0-1

[Event "Challenge"]
[Site "http://www.queenalice.com/game.php?id=189579"]
[Date "2007.3.29"]
[Round "-"]
[White "Sankara"]
[Black "TATUMUS"]
[Result "0-1"]
[WhiteElo "1320"]
[BlackElo "1255"]

1. e4 e5 2. Bc4 Nf6 3. c3 Nxe4 4. Qb3 Nd6 5. Nf3 Nxc4 6. Qxc4 d5 7. Qb3 Nc6 8.
O-O Qe7 9. Qxd5 Be6 10. Qe4 O-O-O 11. Na3 a6 12. b4 Bd5 13. Qf5+ Be6 14. Qe4 Bd5
15. Qf5+ Kb8 0-1

[Event "Challenge"]
[Site "http://www.queenalice.com/game.php?id=194217"]
[Date "2007.4.9"]
[Round "-"]
[White "hk1960"]
[Black "TATUMUS"]
[Result "0-1"]
[WhiteElo "1001"]
[BlackElo "1447"]

1. Nc3 e5 2. Nf3 Nc6 3. d3 d5 4. Nb5 a6 5. Nc3 Bb4 6. Qd2 d4 7. a3 Bxc3 8. bxc3
dxc3 9. Qxc3 f6 10. Rb1 Nge7 11. Nh4 Nd5 12. Qc5 b6 13. Qxc6+ Qd7 14. Qxa8 c6
15. Rxb6 Nxb6 16. e4 Nxa8 17. Be2 Nb6 18. O-O O-O 19. c3 c5 20. Be3 Qd6 21. Nf3
Na4 22. d4 c4 23. d5 Nxc3 24. Bxc4 Nxe4 25. a4 h6 26. Bd3 Nc3 27. Bd4 Nxa4 28.
Be3 Qxd5 29. Ne1 a5 30. Nc2 Qxd3 31. Ne1 Qe4 32. Kh1 Bb7 33. f3 Qxe3 34. h4 Qe2
0-1

[Event "Challenge"]
[Site "http://www.queenalice.com/game.php?id=199918"]
[Date "2007.4.20"]
[Round "-"]
[White "Storm"]
[Black "TATUMUS"]
[Result "0-1"]
[WhiteElo "1112"]
[BlackElo "1447"]

1. e4 e5 2. Nf3 Nc6 3. Bc4 h6 4. O-O Qe7 5. Nc3 Nf6 6. Nb5 d6 7. d3 a6 8. Nc3
Na5 9. Re1 b5 10. Bd5 c6 11. Bb3 Nxb3 12. axb3 d5 13. exd5 cxd5 0-1

[Event "Challenge"]
[Site "http://www.queenalice.com/game.php?id=200504"]
[Date "2007.4.21"]
[Round "-"]
[White "danilorcarneiro"]
[Black "TATUMUS"]
[Result "0-1"]
[WhiteElo "1188"]
[BlackElo "1476"]

1. f4 d5 2. Nf3 Nc6 3. Ng5 Nh6 4. f5 Nxf5 5. e3 e5 6. Qg4 Nxe3 7. Qg3 Nxc2+ 8.
Kd1 Nxa1 9. b4 Bxb4 10. Bb2 f6 11. Nf3 Bd6 12. Bxa1 g6 13. h4 e4 14. Qe1 Bg4 15.
Bb5 Qd7 16. Bxf6 Rf8 17. Qe3 Rxf6 18. Nc3 Re6 19. Nxd5 O-O-O 20. Ke2 exf3+ 21.
gxf3 Rxe3+ 22. Kxe3 Re8+ 23. Kf2 Be6 24. Nf6 Bc5+ 25. Ke2 Bc4+ 26. Kd1 Qe6 27.
Bxc4 Qxf6 28. Re1 Qa1+ 29. Kc2 Rxe1 30. Be6+ Rxe6 31. f4 Ba3 0-1

[Event "Tech vs TATUMUS"]
[Site "http://www.queenalice.com/game.php?id=207020"]
[Date "2007.5.6"]
[Round "-"]
[White "technicaldraw"]
[Black "TATUMUS"]
[Result "1-0"]
[WhiteElo "2099"]
[BlackElo "1452"]

1. e4 e5 2. Nf3 Nc6 3. Bb5 Nge7 4. O-O a6 5. Bc4 f6 6. d4 d6 7. d5 Na5 8. Bb3
Nxb3 9. axb3 f5 10. exf5 Bxf5 11. c4 h6 12. Nc3 Ng6 13. Re1 Qf6 14. Be3 b6 15.
Nb5 Qf7 16. Nc3 Be7 17. b4 O-O 18. h3 Qf6 19. Nh2 e4 20. Ng4 Qh4 21. Kh2 h5 22.
g3 Bxg4 23. gxh4 Bxd1 24. Rexd1 Bxh4 25. Nxe4 Rae8 26. Ng3 Ne5 27. b3 Ra8 28.
Kg2 Rf6 29. Nxh5 Rg6+ 30. Ng3 Bf6 31. Ra2 Bh4 32. Bf4 Rf8 33. Bxe5 dxe5 34. Rxa6
e4 35. Re1 Rf3 36. Rxe4 Rxb3 37. Rxh4 Rxb4 38. Ra7 c5 39. Rg4 Rf6 40. Raxg7+ Kf8
41. Rb7 Rb2 42. Ne4 Rf5 43. Rb8+ Ke7 44. Rg7+ Rf7 45. Rb7+ Ke8 46. Nd6+ Kf8 47.
Rbxf7# 1-0

[Event "Challenge"]
[Site "http://www.queenalice.com/game.php?id=210831"]
[Date "2007.5.14"]
[Round "-"]
[White "TATUMUS"]
[Black "duivefluif"]
[Result "1-0"]
[WhiteElo "1490"]
[BlackElo "1193"]

1. e4 e5 2. d4 Nc6 3. d5 Nd4 4. c3 c6 5. cxd4 Qb6 6. dxe5 Bb4+ 7. Bd2 Ne7 8. Nc3
O-O 9. Na4 Qd4 10. Be2 Qxe4 11. Bxb4 Qxb4+ 12. Nc3 Qxb2 13. Na4 Qxe5 14. d6 Qa5+
15. Kf1 Nd5 16. Nf3 b5 17. Nc5 f5 18. Ne5 1-0

[Event "Challenge"]
[Site "http://www.queenalice.com/game.php?id=210832"]
[Date "2007.5.14"]
[Round "-"]
[White "duivefluif"]
[Black "TATUMUS"]
[Result "0-1"]
[WhiteElo "1213"]
[BlackElo "1483"]

1. e4 e5 2. Bc4 Nf6 3. d4 d5 4. dxe5 Nxe4 5. f3 Nc5 6. Qxd5 Qxd5 7. Bxd5 Be6 8.
Bxe6 Nxe6 9. Nh3 Nd4 10. Na3 Bxa3 11. bxa3 Nxc2+ 12. Kf2 Nxa1 13. Bf4 Nc2 14.
Rc1 Nxa3 15. Rxc7 b6 16. Ng5 O-O 0-1

[Event "Challenge"]
[Site "http://www.queenalice.com/game.php?id=216696"]
[Date "2007.5.26"]
[Round "-"]
[White "Macuei"]
[Black "TATUMUS"]
[Result "1-0"]
[WhiteElo "2032"]
[BlackElo "1495"]

1. e4 e5 2. Nf3 d6 3. Bc4 Bg4 4. h3 Bxf3 5. Qxf3 f6 6. Bxg8 Rxg8 7. Qh5+ g6 8.
Qxh7 Rg7 9. Qh8 Qe7 10. Nc3 Qf7 11. Qh4 Nc6 12. Nd5 Nd4 13. Kf1 O-O-O 14. c3 g5
15. Qg4+ Ne6 16. Ne3 Kb8 17. d3 Rh7 18. Qd1 Nc5 19. b3 c6 20. b4 Ne6 21. Nc4 Nf4
22. Be3 d5 23. Qa4 b5 24. Qa5 Rd7 25. Nd2 Nxd3 26. g3 1-0

[Event "Challenge"]
[Site "http://www.queenalice.com/game.php?id=216697"]
[Date "2007.5.26"]
[Round "-"]
[White "TATUMUS"]
[Black "Macuei"]
[Result "0-1"]
[WhiteElo "1483"]
[BlackElo "2009"]

1. e4 e5 2. d4 exd4 3. Qxd4 Nc6 4. Qe3 Nf6 5. a3 Bd6 6. Nf3 O-O 7. e5 Nxe5 8.
Be2 Re8 9. O-O Nfg4 10. Qb3 Nxf3+ 11. Bxf3 Qh4 12. h3 Qxf2+ 13. Rxf2 Re1+ 14.
Rf1 Bh2+ 15. Kh1 Rxf1# 0-1